Teorie systémů vědeckých, technických a ekonomických informací
Salvato in:
| Autore principale: | |
|---|---|
| Natura: | Libro |
| Lingua: | ceco |
| Pubblicazione: |
Praha
Ústředí vědeckých, technických a ekonomických informací
1984
|
| Serie: | Studijní text
13 |
| Tags: |
Nessun Tag, puoi essere il primo ad aggiungerne!!
|
MARC
| LEADER | 00000nam a2200000 4500 | ||
|---|---|---|---|
| 001 | c114351 | ||
| 005 | 20251204124850.9 | ||
| 041 | 0 | |a cze | |
| 044 | |a CZ | ||
| 245 | 1 | 0 | |a Teorie systémů vědeckých, technických a ekonomických informací |c Marie Königová |
| 264 | 1 | |a Praha |b Ústředí vědeckých, technických a ekonomických informací |c 1984 | |
| 300 | |a 120 s. | ||
| 490 | 1 | |a Studijní text |v 13 | |
| 830 | 0 | |a Studijní text |v 13 | |
| 100 | 1 | |a Königová, Marie | |